000 00588nam a2200229Ia 4500
003 OSt
005 20220924150326.0
006 a|||||r|||| 00| 0
007 ta
008 220923b |||||||| |||| 00| 0 tel d
024 _a332760
037 _cTextual
040 _aARTS
_cARTS
_btel
041 _2tel
_atel
082 _aO35,1K10:g, M8
100 _aRao Lakshminara Sinha
_9221868
245 0 _aKavalyasva charitarm
260 _c1988
650 _aTELUGU POETRY
942 _hO35,1K10:g, M8
_cTEXL
_2CC
999 _c462969
_d462969